Nociones de historia universal de las edades moderna y contemporánea /

Guardado en:
Autor Principal: Vera y González, Emilio
Formato: Libro
Publicado: Buenos Aires : Cabaut, 1901
Materias:
Etiquetas: Agregar Etiqueta
Sin Etiquetas, Sea el primero en etiquetar este registro!
LEADER 00518nam a22001695a 4500
001 CEM.cems006522
005 20060214000000.0
008 130507s1901##################000#0#####d
003 CEMS
082 0 4 |a 940.2 
100 1 |a Vera y González, Emilio 
245 1 0 |a Nociones de historia universal de las edades moderna y contemporánea / 
260 |a Buenos Aires :  |b Cabaut,  |c 1901 
300 |a 192 p. 
653 |a Historia 
653 |a Historia moderna y contemporan 
859 |a CEMS  |b BIB. CEMS - 11 de abril  |h 940.2  |i V58  |p 9379.81  |t Ej.1